[Event "British Chess Championships 2023: First Rapidplay U1750"]
[Site "De Montfort University, 20 Western Boulevard, Leicester, LE2 7BU"]
[Date "2023.07.21"]
[Round "7"]
[Board "5"]
[White "Hankey, Chris P"]
[Black "Tomlinson, Zak"]
[Result "1/2-1/2"]
[WhiteElo "1680"]
[BlackElo "1724"]
[PlyCount "0"]
[EventDate "2023.07.21"]
[EventRounds "7"]
[EventCountry "ENG"]

1. d4 Nf6 2. c4 e6 3. Nc3 Bb4 4. Bg5 h6 5. Bxf6 Qxf6 6. Nf3 b6 7. g3 Bb7 8. Bg2 c5
9. O-O O-O 10. Nb5 Nc6 11. a3 Ba5 12. Nd6 Ba6 13. Ne5 Rad8 14. Ne4 Qe7 15. Nxc6 dxc6
16. Qa4 Rxd4 17. Qxc6 Bb7 18. Qxb7 Qxb7 19. Nf6+ gxf6 20. Bxb7 Rxc4 21. Rac1 Rxc1
22. Rxc1 Rd8 23. Rc2 Rd2  1/2-1/2

[Event "British Chess Championships 2023: First Rapidplay U1750"]
[Site "De Montfort University, 20 Western Boulevard, Leicester, LE2 7BU"]
[Date "2023.07.21"]
[Round "7"]
[Board "6"]
[White "Stokes, Richard"]
[Black "Boztas, Lana"]
[Result "1-0"]
[WhiteElo "1700"]
[BlackElo "1486"]
[PlyCount "0"]
[EventDate "2023.07.21"]
[EventRounds "7"]
[EventCountry "ENG"]

1. e4 g6 2. d4 Bg7 3. Be3 d6 4. Nc3 Nf6 5. h3 O-O 6. Qd2 c6 7. Bd3 Bd7 8. O-O-O Qa5
9. Nge2 b5 10. Bh6 b4 11. Nb1 Qxa2 12. Bxg7 Kxg7 13. h4 a5 14. h5 Bg4 15. hxg6 h5
16. gxf7 Rxf7 17. Qg5+ Kf8 18. e5 dxe5 19. dxe5 Rg7 20. Qf4 Rf7 21. Bc4 Qa4 22. Bxf7
Kxf7 23. exf6 exf6 24. Qc7+ Kg6 25. Nf4+ Kg5 26. Nh3+ Kg6 27. f3 Bf5 28. Nf4+ Kg5
29. Rxh5#  1-0

[Event "British Chess Championships 2023: First Rapidplay U1750"]
[Site "De Montfort University, 20 Western Boulevard, Leicester, LE2 7BU"]
[Date "2023.07.21"]
[Round "7"]
[Board "7"]
[White "Michener, Max"]
[Black "London, Nick J"]
[Result "1-0"]
[WhiteElo "1699"]
[BlackElo "1699"]
[PlyCount "0"]
[EventDate "2023.07.21"]
[EventRounds "7"]
[EventCountry "ENG"]

1. e4 Nf6 2. e5 Nd5 3. d4 d6 4. c4 Nb6 5. Nf3 Bg4 6. exd6 cxd6 7. h3 Bxf3 8. Qxf3
Nc6 9. Be3 g6 10. Nc3 Bg7 11. Rd1 O-O 12. Be2 a6 13. O-O Qc7 14. Rd2 e5 15. c5 Nd7
16. cxd6 Qxd6 17. dxe5 Qe6 18. Rd6 Qe8 19. Rfd1 Ndxe5 20. Qe4 Rd8 21. Rxd8 Nxd8 22.
Bc5 Ndc6 23. Bxf8 Qxf8 24. f4 Qc5+ 25. Kh1 f5 26. Qd5+ Qxd5 27. Rxd5 Nf7 28. Rd7
Kf8 29. Bc4 Nfd8 30. Bd5 b5 31. Bxc6 Nxc6 32. Rd6 Nb4 33. a3 Ke7 34. Rb6 Bxc3 35.
bxc3 Nd5 36. Rxa6 Nxc3 37. Ra7+ Kf6 38. Rxh7 Ne2 39. Rb7 Nd4 40. Rb6+ Kg7 41. Kg1
Nc2 42. Ra6 Nd4 43. Kf2 Kh6 44. Ke3 Nc2+ 45. Kd2 Nd4 46. Kd3 Nb3 47. Kc3 Nc5 48.
Ra5 Ne4+ 49. Kb4 Nd6 50. Rxb5  1-0

[Event "British Chess Championships 2023: First Rapidplay U1750"]
[Site "De Montfort University, 20 Western Boulevard, Leicester, LE2 7BU"]
[Date "2023.07.21"]
[Round "7"]
[Board "8"]
[White "Ba, Amy"]
[Black "Seet, Joshua"]
[Result "1-0"]
[WhiteElo "1403"]
[BlackElo "1614"]
[PlyCount "0"]
[EventDate "2023.07.21"]
[EventRounds "7"]
[EventCountry "ENG"]

1. e4 c6 2. Nc3 d5 3. Nf3 dxe4 4. Nxe4 Nf6 5. Qe2 Nxe4 6. Qxe4 Nd7 7. Bc4 Nf6 8.
Qe2 e6 9. d4 Bd6 10. O-O O-O 11. Bg5 Be7 12. c3 b5 13. Bb3 Bb7 14. Rfe1 a5 15. Bxe6
fxe6 16. Qxe6+ Rf7 17. Ne5 Qe8 18. Qxf7+ Qxf7 19. Nxf7 Kxf7 20. a4 bxa4 21. Rxa4
c5 22. dxc5 Bxc5 23. Rea1 Bb6 24. b4 Ne4 25. Be3 Bxe3 26. fxe3 Nxc3 27. Rxa5 Rb8
28. R1a3 Nd5 29. Ra7 Kg6 30. e4 Nxb4 31. Rb3 Bxe4 32. Ra4 Bc2 33. Raxb4 Rxb4 34.
Rxb4 Kh6 35. Kf2 Bg6 36. g4 Kg5 37. Kg3 h5 38. h4+ Kh6 39. gxh5 Bxh5 40. Kf4 Bg6
41. Rb8 Bh7 42. Rb6+ Bg6 43. Kg4 Kh7 44. Kg5 Be4 45. h5 Bd3 46. Rb7 Kh8 47. Rd7 Bh7
48. Rd8+ Bg8 49. Kf4 Kh7 50. Rd6 Bf7 51. Kg5 Bg8 52. Rd7 Be6 53. Re7 Bg8 54. h6 Kh8
55. hxg7+ Kh7 56. Kf6 Bd5 57. Re5 Bf3 58. Kf7 Kh6 59. g8=Q Bd5+ 60. Kf8 Bxg8 61.
Kxg8  1-0

[Event "British Chess Championships 2023: First Rapidplay U1750"]
[Site "De Montfort University, 20 Western Boulevard, Leicester, LE2 7BU"]
[Date "2023.07.21"]
[Round "7"]
[Board "9"]
[White "Rea, William"]
[Black "Edwards, Rhys"]
[Result "0-1"]
[WhiteElo "1564"]
[BlackElo "1680"]
[PlyCount "0"]
[EventDate "2023.07.21"]
[EventRounds "7"]
[EventCountry "ENG"]

1. c4 Nf6 2. Nc3 e5 3. Nf3 Nc6 4. g3 Bb4 5. Bg2 O-O 6. d4 Bxc3+ 7. bxc3 d6 8. O-O
Re8 9. Re1 b6 10. e4 Ba6 11. Qa4 Na5 12. Nd2 Qd7 13. Qb4 Rac8 14. c5 dxc5 15. dxc5
Qb5 16. Bf1 Qxb4 17. cxb4 Bxf1 18. Kxf1 Nc6 19. cxb6 cxb6 20. b5 Nd4 21. Rb1 Rc2
22. Rb2 Rec8 23. Rxc2 Rxc2 24. a4 Ra2 25. Nc4 Nd7 26. Ba3 f6 27. Rd1 Nc5 28. Bxc5
bxc5 29. a5 Ra4 30. b6 axb6 31. Nxb6 Rxa5 32. Rc1 Kf7 33. Nd7 Nb3 34. Rc3 c4 35.
Ke2 Ra2+ 36. Ke3 Nd4 37. Rxc4 Re2+ 38. Kd3 Rxf2 39. Rc7 Kg6 40. Nf8+ Kh6 41. Ke3
Re2+ 42. Kd3 Rxh2 43. Nd7 Rh3 44. Kc4  0-1

[Event "British Chess Championships 2023: First Rapidplay U1750"]
[Site "De Montfort University, 20 Western Boulevard, Leicester, LE2 7BU"]
[Date "2023.07.21"]
[Round "7"]
[Board "10"]
[White "Chedd, Neil"]
[Black "Shiva, Shrishti"]
[Result "1-0"]
[WhiteElo "1651"]
[BlackElo "1442"]
[PlyCount "0"]
[EventDate "2023.07.21"]
[EventRounds "7"]
[EventCountry "ENG"]

1. d4 d5 2. e3 Nf6 3. Bd3 Nc6 4. Nf3 Bg4 5. h3 Bh5 6. g4 Bg6 7. Ne5 Nxe5 8. dxe5
Bxd3 9. Qxd3 Ne4 10. Qb5+ c6 11. Qxb7 Qc8 12. Qxc8+ Rxc8 13. Nd2 Nxd2 14. Bxd2 e6
15. a3 c5 16. Ke2 Be7 17. Rhc1 O-O 18. b4 cxb4 19. Bxb4 Bxb4 20. axb4 Rc7 21. Ra2
Rb8 22. Ra4 Rbb7 23. Kd3 Rc4 24. c3 g6 25. Rca1 Rcc7 26. Ra6 Kf8 27. Rd6 Rd7 28.
Raa6 Rxd6 29. Rxd6 Ke7 30. f4 Rd7 31. Rxd7+ Kxd7 32. e4 Kc6 33. f5 a6 34. Kd4 dxe4
35. Kxe4 Kb5 36. fxg6 fxg6 37. Kd4 g5 38. Kd3 h6 39. Kd4 Ka4 40. Kc5 Kb3 41. c4 Kc3
42. b5 a5 43. b6 a4 44. b7 a3 45. b8=Q a2 46. Qa7 Kb2 47. Kd6 h5 48. gxh5 g4 49.
hxg4 Kb1 50. Qxa2+ Kxa2 51. c5 Kb3 52. c6 Kc4 53. c7 Kd4 54. c8=Q Ke4 55. h6 Kf4
56. h7 Kxg4 57. h8=Q Kf5 58. Qh5+ Ke4 59. Qc4+ Ke3 60. Qh3+ Kd2 61. Qa2+ Ke1 62.
Qh1#  1-0

[Event "British Chess Championships 2023: First Rapidplay U1750"]
[Site "De Montfort University, 20 Western Boulevard, Leicester, LE2 7BU"]
[Date "2023.07.21"]
[Round "7"]
[Board "11"]
[White "Al Dakl Alla, Humam"]
[Black "Edgar, Barry"]
[Result "1/2-1/2"]
[WhiteElo "1464"]
[BlackElo "1696"]
[PlyCount "0"]
[EventDate "2023.07.21"]
[EventRounds "7"]
[EventCountry "ENG"]

1. d4 Nf6 2. Bf4 d5 3. Nf3 e6 4. e3 Bd6 5. Bg3 O-O 6. Nbd2 c5 7. c3 Qc7 8. Bd3 Nbd7
9. Qc2 e5 10. dxe5 Nxe5 11. Nxe5 Bxe5 12. Bxe5 Qxe5 13. Nf3 Qd6 14. h3 h6 15. O-O
Re8 16. Rad1 Qc7 17. Rfe1 Bd7 18. c4 b6 19. cxd5 Nxd5 20. Bh7+ Kh8 21. Rxd5 g6 22.
Bxg6 fxg6 23. Qxg6 Re6 24. Qd3 Bc6 25. Rf5 Rg8 26. Qc3+ Kh7 27. e4 Bxe4  1/2-1/2

[Event "British Chess Championships 2023: First Rapidplay U1750"]
[Site "De Montfort University, 20 Western Boulevard, Leicester, LE2 7BU"]
[Date "2023.07.21"]
[Round "7"]
[Board "12"]
[White "Riggs, Samuel"]
[Black "Jones, Dixon H"]
[Result "1-0"]
[WhiteElo "1425"]
[BlackElo "1688"]
[PlyCount "0"]
[EventDate "2023.07.21"]
[EventRounds "7"]
[EventCountry "ENG"]

1. e4 e6 2. d4 b6 3. Nc3 Bb7 4. Bd3 f5 5. Nf3 Bb4 6. exf5 Nf6 7. O-O Bxc3 8. bxc3
O-O 9. Ba3 Re8 10. fxe6 dxe6 11. Bb5 c6 12. Ba4 Nd5 13. Qd2 b5 14. Bb3 Nd7 15. c4
bxc4 16. Bxc4 Qf6 17. Qg5 h6 18. Qxf6 N7xf6 19. Rfe1 Rad8 20. Bb3 Bc8 21. Ne5 Bb7
22. c4 Nc7 23. Rad1 g5 24. Ba4 Nd7 25. Bxc6 Bxc6 26. Nxc6 Ra8 27. d5 Kf7 28. dxe6+
Rxe6 29. Rxd7+ Kf6 30. Rxe6+ Nxe6 31. h3 a6 32. Be7+ Kf5 33. Rd5+ Kg6 34. Ba3 Nf4
35. Rd6+ Kh7 36. Bb2 Re8 37. Rd7+ Kg6 38. Ne5+ Kh5 39. g4+ Kh4 40. Kh2 Nxh3 41. Nf3+
Kxg4 42. Rd4+ Kxf3 43. Kxh3 Re2 44. Rd3+ Kxf2 45. Bd4+ Kf1 46. Rd1+ Re1 47. Rxe1+
Kxe1 48. c5  1-0

[Event "British Chess Championships 2023: First Rapidplay U1750"]
[Site "De Montfort University, 20 Western Boulevard, Leicester, LE2 7BU"]
[Date "2023.07.21"]
[Round "7"]
[Board "13"]
[White "Halford-Maw, Samuel"]
[Black "Karia, Kamlesh"]
[Result "0-1"]
[WhiteElo "1498"]
[BlackElo "1543"]
[PlyCount "0"]
[EventDate "2023.07.21"]
[EventRounds "7"]
[EventCountry "ENG"]

1. e4 e5 2. Nf3 Nc6 3. Nc3 Nf6 4. d4 exd4 5. Nxd4 Nxd4 6. Qxd4 d6 7. Bc4 Be7 8. O-O
c5 9. Qd3 a6 10. Bf4 b5 11. Bd5 Rb8 12. Rad1 Nh5 13. Bg3 Nxg3 14. fxg3 O-O 15. e5
Qb6 16. Kh1 dxe5 17. Ne4 Bb7 18. Bxb7 Qxb7 19. Qd7 Qxe4 20. Qxe7 Qxc2 21. Qxe5 Rbe8
22. Qh5 Qxb2 23. a3 Qc3 24. h3 Qc4 25. Rf4 Qe6 26. Qxc5 Qe2 27. Rdf1 Qe7 28. Qh5
Qe5 29. Qf3 f6 30. Qb3+ Kh8 31. Rf5 Qe3 32. R5f3 Qxb3 33. Rxb3 Re6 34. Rc1 Rfe8 35.
Rc2 h6 36. Rbc3 Re3 37. Rxe3 Rxe3 38. Rc8+ Kh7 39. Kh2 Rxa3 40. Ra8 a5 41. Ra7 b4
42. Rd7 a4 43. Rd1 Rb3 44. Ra1 a3 45. Kg1 Rb2 46. Kf1 a2  0-1